Vplyv svetovej hospodárskej krízy na vývoj verejných financií Nemeckej spolkovej republiky v roku 2009
Stav verejných financií Nemeckej spolkovej republiky v roku 2009. Deficit verejných financií - 3,2 percentá HDP, čím prevyšoval maximálnu hranicu podľa Paktu stability a rastu platného pre štáty v eurozóne. Štruktúra vládnych príjmov a výdavkov v roku 2009. Daňové príjmy v roku 2009. Federálny rozp...
Gespeichert in:
| 1. Verfasser: | |
|---|---|
| Format: | Buchkapitel |
| Sprache: | Slowakisch |
| Schlagworte: | |
| Tags: |
Keine Tags, Fügen Sie das erste Tag hinzu!
|
MARC
| LEADER | 00000nla$a2200000$$$4500 | ||
|---|---|---|---|
| 001 | 0125260 | ||
| 005 | 20240502072428.4 | ||
| 041 | 0 | |a slo | |
| 044 | |a SK | ||
| 245 | 1 | 0 | |a Vplyv svetovej hospodárskej krízy na vývoj verejných financií Nemeckej spolkovej republiky v roku 2009 |c Marta Martincová |
| 520 | |a Stav verejných financií Nemeckej spolkovej republiky v roku 2009. Deficit verejných financií - 3,2 percentá HDP, čím prevyšoval maximálnu hranicu podľa Paktu stability a rastu platného pre štáty v eurozóne. Štruktúra vládnych príjmov a výdavkov v roku 2009. Daňové príjmy v roku 2009. Federálny rozpočet nemeckej spolkovej vlády na rok 2009. | ||
| 610 | 2 | 0 | |a financie verejné |
| 610 | 2 | 0 | |a príjmy |
| 610 | 2 | 0 | |a výdavky |
| 610 | 2 | 0 | |a rozpočet štátny |
| 610 | 2 | 0 | |a Nemecko |
| 610 | 2 | 0 | |a deficit |
| 610 | 2 | 0 | |a dane z príjmov |
| 100 | 1 | |a Martincová, Marta, 1955- | |